| 000 | 00976cam a2200301 a 4500 | ||
|---|---|---|---|
| 005 | 20260322212034.0 | ||
| 008 | data | ||
| 010 | _a 98013247 | ||
| 020 | _a0062515608 (cloth) | ||
| 020 | _a0062515675 (pbk.) | ||
| 020 | _a9780062515605 (cloth) | ||
| 020 | _a9780062515674 (pbk.) | ||
| 040 |
_aDLC _cDLC _dDLC |
||
| 050 | 0 | 0 |
_aPR9199.3.S497 _bM6 1998 |
| 082 | 0 | 0 |
_a813/.54 _221 |
| 099 | _aSHARMR | ||
| 100 | 1 |
_aSharma, Robin S. _d1964- _q(Robin Shilp), |
|
| 245 | 1 | 4 |
_aThe monk who sold his Ferrari : _ba fable about fulfilling your dreams and reaching your destiny / _cRobin S. Sharma. |
| 250 | _a1st ed. | ||
| 260 |
_a[San Francisco] : _bHarperSanFrancisco, _c1998. |
||
| 300 |
_a198 p. : _bill. ; _c22 cm. |
||
| 650 | 0 |
_aSelf-realization _vFiction. |
|
| 650 | 0 |
_aConduct of life _vFiction. |
|
| 655 | 7 |
_aDidactic fiction. _2gsafd |
|
| 655 | 7 |
_aFables. _2gsafd |
|
| 856 | 4 | 2 |
_3Publisher description _uhttp://www.loc.gov/catdir/description/hc041/98013247.html |
| 001 | data | ||
| 999 |
_c802 _d802 |
||